Muslim diaspora in Britain: Identity and transnationalism among south asian muslim communities (Record no. 395059)

MARC details
000 -LEADER
fixed length control field 00585 a2200205 4500
005 - DATE & TIME
control field 20260214105742.0
008 - FIXED-LENGTH DATA ELEMENTS--GENERAL INFORMATION
fixed length control field 260212b |||||||| |||| 00| 0 eng d
020 ## - ISBN
International Standard Book Number 9781032881416
Price Rs. 1295.00
040 ## - CATALOGING SOURCE
Original cataloging agency VIVEKANANDA LIBRARY
082 ## - DDC NUMBER
Classification number 305.6970941
Book Number K527M
100 ## - MAIN ENTRY--PERSONAL NAME
Personal name Khan, Sabah
245 ## - TITLE STATEMENT
Title Muslim diaspora in Britain: Identity and transnationalism among south asian muslim communities
260 ## - PUBLICATION, DISTRIBUTION, ETC. (IMPRINT)
Name of publisher, distributor, etc Routledge
Date of publication, distribution, etc 2024
Place of publication, distribution, etc London
300 ## - PHYSICAL DESCRIPTION
Pages xiv, 131
650 ## - Subject
Subject Social Science
650 ## - Subject
Subject Social Groups
650 ## - Subject
Subject Groups- Religion
650 ## - Subject
Subject Muslims
942 ## - ADDED ENTRY ELEMENTS (KOHA)
Koha item type Books
Holdings
Withdrawn status Lost status Source of classification or shelving scheme Damaged status Not for loan Location (home branch) Sublocation or collection (holding branch) Shelving location Date acquired Koha issues (times borrowed) Koha full call number Accession No. Koha date last seen Koha item type
    Dewey Decimal Classification     VIVEKANANDA LIBRARY VIVEKANANDA LIBRARY Vivekananda Library 22/01/2026   305.6970941 K527M 444419 22/01/2026 Books
© Designed and Maintained by Vivekananda Library, MDU Rohtak